00721 2200241 4500001002100000005001500021035002000036007000300056008004100059020002200100082001200122084001900134100003500153245014500188250001000333260002700343300002100370650001800391700002400409700002400433990001100457990001100468INLIS00000000000355620190625062329 a0010-0619000100ta190625 g 0 ind  a978-979-1093-41-5 a297.124 a297.124 ABU p0 aABU, Abdillah Said bin Ibrahim1 aPenjelasan Lengkap Hadits Arbain Imam An-Nawawi /cAbu Abdillah Said bin Ibrahim; penerjemah, Abu Zaid Ar-Royani; editor, Tim Editor Al-Wafi acet.2 aSolo :bAl-Wafi,c2018 a451 hlm ;c24 cm 4aISLAM. HADITS0 aABU, Zaid Ar-Royani0 aTIM, Editor Al-Wafi a6843 a a6843 b